| 000 | 00739nam a22002057a 4500 | ||
|---|---|---|---|
| 005 | 20170828141854.0 | ||
| 010 | _a | ||
| 020 |
_a _c160.00 |
||
| 035 | _aB-057758 | ||
| 037 | _bPUB | ||
| 082 | _a425 | ||
| 100 | _aअनिल सिंह | ||
| 245 |
_aअभिनव व्यावहारिक पत्र-लेखन / _cअनिल सिंह |
||
| 260 |
_aउल्हासनगर _bज्योति प्रकाशन _c1999 |
||
| 270 |
_a _b _e _k |
||
| 300 |
_a208पृ. _c22सेमी (सजिल्द) |
||
| 650 |
_aहिन्दी भाषा _xव्याकरण |
||
| 700 |
_aकौशिक, ओमप्रकाश _945986 |
||
| 942 |
_2ddc _cHN _mअनिल _h425 |
||
| 999 |
_c65835 _d65835 |
||